A12_耕地面積割合TOP100の市町村 - Statistics

General Stats
  • This quiz has been taken 15 times
  • The average score is 58 of 100
Answer Stats
順位 都道府
県名
種類 耕地面積
割合(%)
市町村名 % Correct
22 青森県 56.40 つがる市
100%
4 秋田県 67.60 大潟村
91%
6 青森県 67.04 藤崎町
82%
11 宮城県 65.34 美里町
82%
20 富山県 57.64 舟橋村
82%
46 千葉県 48.28 旭市
82%
59 秋田県 47.06 八郎潟町
82%
92 千葉県 42.31 香取市
82%
10 北海道 65.35 新篠津村
73%
14 青森県 62.64 田舎館村
73%
18 沖縄県 58.98 南大東村
73%
41 東京都 49.50 利島村
73%
42 茨城県 49.46 下妻市
73%
44 岐阜県 49.26 輪之内町
73%
51 北海道 47.98 別海町
73%
52 栃木県 47.80 上三川町
73%
60 茨城県 46.91 常総市
73%
67 新潟県 45.03 新潟市
73%
71 栃木県 44.83 小山市
73%
72 茨城県 44.70 坂東市
73%
80 岐阜県 44.05 安八町
73%
93 栃木県 42.19 さくら市
73%
1 青森県 71.63 板柳町
64%
17 茨城県 59.33 八千代町
64%
23 栃木県 55.03 高根沢町
64%
24 石川県 54.64 川北町
64%
27 鹿児島県 53.45 与論町
64%
28 富山県 53.33 入善町
64%
29 栃木県 52.74 芳賀町
64%
31 北海道 52.14 音更町
64%
32 沖縄県 51.50 宮古島市
64%
33 滋賀県 51.28 豊郷町
64%
34 栃木県 50.95 下野市
64%
37 茨城県 50.18 結城市
64%
40 新潟県 49.58 燕市
64%
43 千葉県 49.27 匝瑳市
64%
48 熊本県 48.05 嘉島町
64%
50 埼玉県 48.01 加須市
64%
56 茨城県 47.22 境町
64%
57 栃木県 47.21 真岡市
64%
64 栃木県 45.86 壬生町
64%
69 愛知県 44.99 愛西市
64%
75 青森県 44.47 おいらせ町
64%
76 埼玉県 44.45 行田市
64%
85 千葉県 43.06 栄町
64%
87 茨城県 42.95 つくばみらい市
64%
88 埼玉県 42.63 羽生市
64%
91 千葉県 42.48 長生村
64%
94 埼玉県 41.92 深谷市
64%
97 茨城県 41.79 稲敷市
64%
3 北海道 68.83 南幌町
55%
5 福島県 67.20 湯川村
55%
7 北海道 66.46 長沼町
55%
8 山形県 66.23 三川町
55%
9 北海道 65.71 秩父別町
55%
13 茨城県 63.21 河内町
55%
15 青森県 62.46 鶴田町
55%
19 佐賀県 58.26 白石町
55%
26 茨城県 54.07 筑西市
55%
35 福岡県 50.55 柳川市
55%
38 群馬県 50.17 板倉町
55%
47 茨城県 48.27 利根町
55%
58 北海道 47.11 幕別町
55%
62 埼玉県 46.62 杉戸町
55%
65 福岡県 45.48 筑後市
55%
68 群馬県 45.00 邑楽町
55%
79 北海道 44.12 由仁町
55%
81 千葉県 44.04 八街市
55%
82 滋賀県 44.02 甲良町
55%
84 宮城県 43.48 亘理町
55%
89 岐阜県 42.60 神戸町
55%
2 北海道 69.90 妹背牛町
45%
12 北海道 65.01 更別村
45%
16 北海道 61.34 士幌町
45%
25 福岡県 54.23 大木町
45%
30 福岡県 52.54 大刀洗町
45%
36 鹿児島県 50.27 東串良町
45%
39 北海道 49.62 剣淵町
45%
45 沖縄県 48.46 伊江村
45%
49 埼玉県 48.04 川島町
45%
53 千葉県 47.75 横芝光町
45%
54 福島県 47.57 中島村
45%
61 北海道 46.72 東神楽町
45%
73 千葉県 44.54 富里市
45%
74 埼玉県 44.48 鴻巣市
45%
77 佐賀県 44.21 江北町
45%
90 千葉県 42.58 多古町
45%
96 愛知県 41.84 安城市
45%
98 北海道 41.65 芽室町
45%
21 鹿児島県 56.94 和泊町
36%
55 千葉県 47.27 白子町
36%
63 三重県 46.27 明和町
36%
66 沖縄県 45.45 多良間村
36%
78 北海道 44.18 中富良野町
36%
83 北海道 44.00 滝川市
36%
86 兵庫県 42.96 稲美町
36%
95 長野県 41.84 小布施町
36%
99 徳島県 41.59 石井町
36%
70 熊本県 44.96 氷川町
27%
100 福島県 41.53 鏡石町
27%
No matching quizzes found
Score Distribution
Percent of People with Each Score
Percentile by Number Answered
Your Score History
You have not taken this quiz